Ethylene/acrylic rubber technical developments (Record no. 58868)

MARC details
000 -LEADER
fixed length control field 00361nam a2200121Ia 4500
100 ## - MAIN ENTRY--AUTHOR NAME
Personal name Murray R M
245 #0 - TITLE STATEMENT
Title Ethylene/acrylic rubber technical developments
260 ## - PUBLICATION, DISTRIBUTION, ETC. (IMPRINT)
Name of publisher Proceedings of the International Rubber Conference, Venice, 1979; p291-295
700 ## - ADDED ENTRY--PERSONAL NAME
Personal name Abell W R
700 ## - ADDED ENTRY--PERSONAL NAME
Personal name Hagman J F
942 ## - ADDED ENTRY ELEMENTS (KOHA)
Koha item type Journals
Holdings
Withdrawn status Lost status Damaged status Not for loan Home library Current library Shelving location Date acquired Koha item type
      Journals RRII Library RRII Library Rubber chemistry 17/12/2021 Journals